Οικονομικοί Θεσμοί, Διεθνής Ανταγωνιστικότητα και Οικονομική Πολιτική (Record no. 3816)
[ view plain ]
| 000 -LEADER | |
|---|---|
| fixed length control field | 02634cam a22001934a 4500 |
| 005 - ΗΜΕΡΟΜΗΝΙΑ ΚΑΙ ΩΡΑ ΤΕΛΕΥΤΑΙΑΣ ΕΝΗΜΕΡΩΣΗΣ | |
| Πεδίο ελέγχου | 20250605164126.0 |
| 008 - FIXED-LENGTH DATA ELEMENTS--GENERAL INFORMATION | |
| Πεδίο ελέγχου σταθερού μήκους | 250528s ||||||||||||||||||||||||d |
| 035 ## - SYSTEM CONTROL NUMBER | |
| System control number | 18455 |
| 020 ## - ISBN | |
| ISBN | 9607643823 |
| 040 ## - ΠΗΓΗ ΚΑΤΑΛΟΓΟΓΡΑΦΗΣΗΣ | |
| Φορέας πρωτότυπης καταλογογράφησης | MC Athens Campus Library |
| Γλώσσα καταλογογράφησης | Ελληνικά, Μοντέρνα (1453-) |
| Modifying agency | MC Athens Campus Library |
| Κανόνες περιγραφικής καταλογογράφησης | AACR2 |
| 245 1# - ΤΙΤΛΟΣ ΚΑΙ ΔΗΛΩΣΗ ΥΠΕΥΘΥΝΟΤΗΤΑΣ | |
| Τίτλος | Οικονομικοί Θεσμοί, Διεθνής Ανταγωνιστικότητα και Οικονομική Πολιτική |
| 260 ## - PUBLICATION, DISTRIBUTION, ETC. | |
| Name of publisher, distributor, etc. | Τυπωθήτω - Γιώργος Δαρδανός, |
| Date of publication, distribution, etc. | 1998 |
| 300 ## - PHYSICAL DESCRIPTION | |
| Extent | 296 |
| 520 ## - SUMMARY, ETC. | |
| Summary, etc. | Το ενδιαφέρον της οικονομικής ανάλυσης εστιάζεται σήμερα στο σύνολο των οικονομικών θεσμών του καπιταλισμού κυρίως της αγοράς της επιχείρησης και του κράτους, περιλαμβανομένων των πολυεθνικών επιχειρήσεων και διεθνών οργανισμών. Εισαγωγή, Θεωρία Οικονομικών Θεσμών: Αγορές και Επιχειρήσεις και Κράτος, Περί της Οικονομικής του Κόστους Συναλλαγών και της Φύσης της Επιχείρησης, Η Edith Penrose και η Θεωρία της (Μεγέθυνσης της) Επιχείρησης, Περί της Φύσης του Καπιταλιστικού Κράτους, Πολυεθνικές Επιχειρήσεις και Διεθνής Οργάνωση και Αποβιομηχάνιση, Οικονομικοί Θεσμοί και Οικονομική Αποτελεσματικότητα, Οικονομική των Οργανώσεων: Κόστος Συναλλαγών (Κεφαλαια) Αγορές και Ιεραρχίες, Το Πρόβλημα της Αποτυχίας του Καπιταλισμού και οι Θεωρίες των Κρίσεων, Προς μια Εξελικτική Θεώρηση της Θεσμικής Κρίσης, Οικονομική Πολιτική: Πλαίσιο και Προτάσεις, Παραγωγικότητα και Ανταγωνιστικότητα και Σύγκλιση στην Παγκόσμια Οικονομία: Ο Ρόλος της Προσφοράς, Η Σχέση Μεταξύ Βιομηχανικής και Ανταγωνιστικής Στρατηγικής: Σύγκρουση και Σύγκλιση, Προσεγγίσεις Ζήτησης και Προσφοράς στην Οικονομική Πολιτική, Διαγράμματα. |
| 700 1# - ΠΡΟΣΘΕΤΗ ΑΝΑΓΡΑΦΗ--ΦΥΣΙΚΟ ΠΡΟΣΩΠΟ | |
| Personal name | Πιτέλης Χρήστος |
| 9 (RLIN) | 4693 |
| 942 ## - ADDED ENTRY ELEMENTS (KOHA) | |
| Koha item type | Books |
| Τύπος τεκμηρίου | Βιβλιοθήκη | Τρέχουσα τοποθεσία | Barcode | Αριθμός εισαγωγής | Ημερομηνία απόκτησης | Ταξιθετικό σύμβολο | Αριθμός αντιτύπου | Κατάσταση απόσυρσης | Κατάσταση χαμένου | Κατάσταση κατεστραμμένου | Μη δανεισμός | Σύνολο δανεισμών | Ημερομηνία τελευταίας εμφάνισης | Η τιμή ισχύει από |
|---|---|---|---|---|---|---|---|---|---|---|---|---|---|---|
| Books | MC Athens Campus Library | MC Athens Campus Library | 9780000038159 | 3146 | 05/06/2025 | 338.9 PIT | 2 | 05/06/2025 | 05/06/2025 |